| 000 | 00806cab a2200277 4500 | ||
|---|---|---|---|
| 001 | ABS56105 | ||
| 008 | 090401t1996 xxu||||| |||| 00| 0 eng d | ||
| 035 | _a(Sirsi) u21240 | ||
| 041 | _aeng | ||
| 100 | _aBryant, S. | ||
| 245 | _aLocality and the Additional Functions Order | ||
| 260 | _c1996 | ||
| 350 | _a0 | ||
| 490 |
_aJournal of Institute of Rent Officers _v27(3) October 1996, 11-13(3) |
||
| 520 | _aConsiders how to assess rent levels where there is no directly similar property in the locality. | ||
| 650 | _aCOMPARATIVE RENTS | ||
| 650 | _aLOCAL REFERENCE RENTS | ||
| 650 | _aLOCALITY | ||
| 650 | _aMARKET EVIDENCE | ||
| 650 | _aMARKET RENT | ||
| 650 | _aRENTAL LEVELS | ||
| 650 | _aSINGLE ROOM RENTS | ||
| 690 | _aRATING AND VALUATION | ||
| 942 | _n0 | ||
| 948 | _c04/03/1997 | ||
| 999 |
_c14258 _d14258 |
||